[Event "Beersheba"]
[Site "Beer Sheba ISR"]
[Date "1990.??.??"]
[Round "1"]
[White "Smyslov, Vassily V"]
[Black "Ftacnik, Lubomir"]
[Result "1/2-1/2"]
[WhiteElo "2570"]
[BlackElo "2560"]
[PlyCount "42"]
[EventDate "1990.03.??"]
[Source "www.chesslib.no"]
[SourceDate "2004.05.04"]

1. Nf3 Nf6 2. c4 g6 3. b4 Bg7 4. Bb2 O-O 5. e3 c6 6. Be2 d5 7. Qc1 Bg4 8. h3 Bxf3 9. Bxf3 Nbd7 10. O-O e5 11. d3 Re8 12. Rd1 Qe7 13. Qc3 Nb6 14. e4 dxc4 15. dxc4 a5 16. Ba3 Qe6 17. Nd2 Bf8 18. bxa5 Bxa3 19. Qxa3 Nxc4 20. Nxc4 Qxc4 21. Rab1 Qa6 1/2-1/2

[Event "Elista ol (Men)"]
[Site "Elista"]
[Date "1998.10.05"]
[Round "7"]
[White "Spraggett, Kevin"]
[Black "Kozul, Zdenko"]
[Result "0-1"]
[WhiteElo "2560"]
[BlackElo "2570"]
[PlyCount "158"]
[EventDate "1998.09.29"]
[Source "ChessBase"]
[SourceDate "1998.11.06"]

1. Nf3 Nf6 2. c4 g6 3. b3 Bg7 4. Bb2 O-O 5. g3 d6 6. Bg2 e5 7. d3 Re8 8. O-O c6 9. Qc2 Na6 10. a3 Bf5 11. e4 Bg4 12. Nbd2 Qc8 13. Rfe1 Bh3 14. b4 Bxg2 15. Kxg2 Nh5 16. d4 Qg4 17. Kh1 exd4 18. Bxd4 Bxd4 19. Nxd4 Nc7 20. Qd3 Re7 21. b5 cxb5 22. Nxb5 Nxb5 23. cxb5 Rae8 24. Qxd6 Rd7 25. Qb4 Red8 26. Nf1 Ng7 27. Re3 Ne6 28. f3 Qh5 29. Kg2 Rd4 30. Qb2 Qg5 31. a4 Qxe3 32. Nxe3 Rd2+ 33. Qxd2 Rxd2+ 34. Kg1 Nd4 35. Rf1 Ra2 36. f4 Rxa4 37. Rd1 Kg7 38. e5 h5 39. Kf1 b6 40. Nd5 Nxb5 41. Nf6 Rd4 42. Rc1 Rd8 43. h3 Nd4 44. Rc7 a5 45. Ra7 Ne6 46. h4 Nc5 47. Ke2 a4 48. Ke3 b5 49. Ra5 b4 50. Rxc5 Ra8 51. Nd5 b3 52. e6 a3 53. Rc7 a2 54. Rxf7+ Kh6 55. Nf6 Rh8 56. Ra7 b2 57. g4 hxg4 58. Nxg4+ Kh5 59. Nf6+ Kxh4 60. Rxa2 b1=Q 61. Rh2+ Kg3 62. Rxh8 Qb3+ 63. Kd4 Qb2+ 64. Kd5 Qxf6 65. Rh7 Qf5+ 66. Kd6 Qxf4+ 67. Kd5 Qf5+ 68. Kd6 Qd3+ 69. Ke5 Qc3+ 70. Kd5 Kf4 71. Rf7+ Kg5 72. Rd7 Qe3 73. Rf7 Kh6 74. Kd6 Qd4+ 75. Ke7 g5 76. Rf8 Qa7+ 77. Ke8 Kg6 78. Kd8 Qb8+ 79. Ke7 Qc7+ 0-1

[Event "Noyabrsk Fakel Jamala"]
[Site "Noyabrsk"]
[Date "2003.11.27"]
[Round "10"]
[White "Miroshnichenko, Evgenij"]
[Black "Brodsky, Michail"]
[Result "1/2-1/2"]
[WhiteElo "2571"]
[BlackElo "2559"]
[PlyCount "24"]
[EventDate "2003.11.18"]
[Source "ChessBase"]
[SourceDate "2004.03.30"]

1. Nf3 Nf6 2. c4 b6 3. g3 Bb7 4. Bg2 e6 5. O-O Be7 6. Nc3 O-O 7. Re1 Ne4 8. Nxe4 Bxe4 9. d3 Bb7 10. e4 c5 11. d4 cxd4 12. Nxd4 a6 1/2-1/2

[Event "USA-ARM"]
[Site "Glendale"]
[Date "1994.??.??"]
[Round "2"]
[White "Anastasian, Ashot"]
[Black "Gurevich, Ilya"]
[Result "0-1"]
[WhiteElo "2545"]
[BlackElo "2585"]
[PlyCount "144"]
[EventDate "1994.05.??"]
[Source "ChessBase"]

1. Nf3 Nf6 2. c4 g6 3. b4 Bg7 4. Bb2 O-O 5. e3 d6 6. Be2 e5 7. d3 a5 8. b5 Nbd7 9. O-O a4 10. a3 Nc5 11. Nbd2 Re8 12. Qc2 Bf5 13. Rad1 c6 14. Qc3 cxb5 15. d4 Nce4 16. Nxe4 Nxe4 17. Qb4 bxc4 18. Bxc4 Qb8 19. Bd5 exd4 20. Bxd4 Nc5 21. Ng5 Be6 22. Qc3 Bxd4 23. exd4 Bxd5 24. dxc5 Bb3 25. Rxd6 h6 26. Nf3 Qc7 27. Ne5 Be6 28. Rc1 Rac8 29. Qd2 Qe7 30. Qd4 Bf5 31. f4 h5 32. h3 Qh4 33. Kh2 Red8 34. Rf1 Be6 35. Nf3 Qe7 36. Rd1 Re8 37. Re1 Qc7 38. Re5 Bb3 39. Ng5 Rxe5 40. Qxe5 Bc2 41. Qd5 Re8 42. Qd4 Qc8 43. Rd7 Bb3 44. Ne4 Rxe4 45. Rd8+ Re8 46. Rxc8 Rxc8 47. g4 hxg4 48. hxg4 Rc6 49. Kg3 Kf8 50. Qd8+ Kg7 51. Kh4 Kh7 52. Qd4 Kg8 53. Kg3 Kf8 54. Qd8+ Kg7 55. Kf3 Be6 56. f5 gxf5 57. Qg5+ Kf8 58. gxf5 Bd5+ 59. Ke3 Ke8 60. Kd4 Bb3 61. Qf4 Kd7 62. Qb8 Rc7 63. Qa7 Kc8 64. Qa8+ Kd7 65. f6 Kc6 66. Qe8+ Rd7+ 67. Kc3 Be6 68. Kb4 Kc7 69. Kxa4 Rd8 70. Qe7+ Rd7 71. Qf8 Rd4+ 72. Ka5 Bd7 0-1

[Event "Acropolis GM"]
[Site "Athens"]
[Date "2003.08.27"]
[Round "3"]
[White "Atalik, Suat"]
[Black "Banikas, Hristos"]
[Result "1/2-1/2"]
[WhiteElo "2599"]
[BlackElo "2530"]
[PlyCount "85"]
[EventDate "2003.08.25"]
[Source "Roberto Alvarez"]
[SourceDate "2003.09.08"]

1. Nf3 Nf6 2. c4 c6 3. Nc3 d5 4. e3 a6 5. d4 b5 6. b3 Bg4 7. Be2 e6 8. h3 Bh5 9. O-O Nbd7 10. Bb2 Bd6 11. Ne5 Bxe2 12. Nxe2 Qc7 13. cxd5 cxd5 14. Rc1 Qb8 15. Nxd7 Nxd7 16. e4 Nb6 17. e5 Be7 18. Nf4 g6 19. Nd3 O-O 20. Qd2 Rc8 21. Rxc8+ Qxc8 22. Rc1 Qe8 23. Bc3 Rc8 24. Ba5 Nd7 25. Bc7 Bd8 26. Bd6 Bb6 27. Rxc8 Qxc8 28. Ne1 a5 29. Nf3 b4 30. h4 Bd8 31. h5 gxh5 32. g3 Qc3 33. Qe2 Kg7 34. Kg2 Nf8 35. Bxf8+ Kxf8 36. Qb5 Kg7 37. Qe8 Qc7 38. Kh3 h6 39. Ne1 Qc1 40. Qxd8 Qxe1 41. Qf6+ Kg8 42. Kh2 Qd2 43. Qd8+ 1/2-1/2

[Event "FRA-chT"]
[Site "Montpellier"]
[Date "2001.05.01"]
[Round "11.1"]
[White "Chuchelov, Vladimir"]
[Black "Delchev, Aleksander"]
[Result "1/2-1/2"]
[WhiteElo "2539"]
[BlackElo "2587"]
[PlyCount "127"]
[EventDate "2001.04.??"]
[Source "www.chesslib.no"]
[SourceDate "2004.05.04"]

1. Nf3 Nf6 2. c4 c6 3. Nc3 d5 4. e3 a6 5. d4 b5 6. b3 Bg4 7. Be2 e6 8. O-O Nbd7 9. h3 Bh5 10. Bb2 Bd6 11. Ne5 Bxe2 12. Nxe2 Qc7 13. cxd5 cxd5 14. Rc1 Qb8 15. Nc6 Qb7 16. Qd3 O-O 17. f3 Rac8 18. Ne5 Be7 19. Qd2 Nxe5 20. dxe5 Nd7 21. Nf4 b4 22. Bd4 a5 23. Nd3 Rxc1 24. Rxc1 Rc8 25. Rc2 Rc7 26. Qc1 Bd8 27. Kf2 Rxc2+ 28. Qxc2 Qc7 29. Qxc7 Bxc7 30. f4 Kf8 31. Kf3 Ke8 32. g4 g6 33. e4 Bb6 34. Ke3 Bxd4+ 35. Kxd4 dxe4 36. Kxe4 Kd8 37. Kd4 Kc7 38. Nc5 Nb6 39. Ne4 Nd5 40. f5 gxf5 41. gxf5 Nf4 42. fxe6 Nxe6+ 43. Kc4 Kc6 44. h4 Nf4 45. Ng5 Ng6 46. Nf3 h5 47. Kd4 Ne7 48. Ke4 Kc5 49. Ne1 Nd5 50. Nd3+ Kc6 51. Kf5 Nc3 52. Kf6 Kd5 53. Kxf7 Kd4 54. Nb2 Kxe5 55. Kg6 Nxa2 56. Nc4+ Kd4 57. Nxa5 Kc3 58. Kxh5 Nc1 59. Kg6 Nxb3 60. Nc6 Nc5 61. Nxb4 Kxb4 62. h5 Ne6 63. Kf6 Nf8 64. h6 1/2-1/2

[Event "Reykjavik"]
[Site "?"]
[Date "1996.??.??"]
[Round "?"]
[White "Agdestein, S."]
[Black "Stefansson, H."]
[Result "1/2-1/2"]
[WhiteElo "2585"]
[BlackElo "2540"]
[PlyCount "57"]
[EventDate "1996.??.??"]
[Source "ChessBase"]
[SourceDate "1996.02.01"]

1. Nf3 Nf6 2. c4 b6 3. g3 Bb7 4. Bg2 e6 5. O-O Be7 6. Nc3 O-O 7. Re1 Ne4 8. Nxe4 Bxe4 9. d3 Bb7 10. e4 c5 11. d4 d6 12. d5 exd5 13. exd5 Bf6 14. Qb3 Nd7 15. Bf4 Qc7 16. Re2 Rfe8 17. Rae1 Rxe2 18. Rxe2 Nf8 19. g4 Ng6 20. Bg3 h6 21. a4 Rd8 22. h4 Bc8 23. g5 hxg5 24. hxg5 Be7 25. Qe3 Bf8 26. Nh4 Nxh4 27. Bxh4 g6 28. Bh3 Bg7 29. b3 1/2-1/2

[Event "ISL Ch playoff"]
[Site "Reykjavik ISL"]
[Date "1995.??.??"]
[Round "6"]
[White "Hjartarson, Johann"]
[Black "Stefansson, Hannes H"]
[Result "1-0"]
[WhiteElo "2590"]
[BlackElo "2530"]
[PlyCount "83"]
[EventDate "1995.??.??"]
[Source "www.chesslib.no"]
[SourceDate "2004.05.04"]

1. Nf3 Nf6 2. c4 b6 3. g3 Bb7 4. Bg2 e6 5. O-O Be7 6. Nc3 O-O 7. Re1 Ne4 8. Nxe4 Bxe4 9. d3 Bb7 10. e4 c5 11. d4 d6 12. b3 cxd4 13. Nxd4 Nc6 14. Nxc6 Bxc6 15. Bb2 Re8 16. Qg4 Bf8 17. h4 Qc7 18. h5 e5 19. Rad1 a6 20. Rd2 b5 21. cxb5 axb5 22. a3 Qb7 23. Red1 Bd7 24. Qf3 Be6 25. h6 gxh6 26. b4 Rac8 27. Qh5 f6 28. Qh4 Bb3 29. Re1 Qf7 30. Rd3 Rc2 31. Bc1 Qc4 32. Bf1 Rc3 33. Rde3 Qc7 34. Bxb5 Rb8 35. Bf1 Be6 36. Qxf6 Re8 37. Bb2 Rc2 38. R3e2 Bg4 39. Rxc2 Qxc2 40. Rc1 Qxe4 41. Rc4 Qf3 42. Rf4 1-0

[Event "ISL Ch playoff"]
[Site "Reykjavik ISL"]
[Date "1995.??.??"]
[Round "4"]
[White "Hjartarson, Johann"]
[Black "Stefansson, Hannes H"]
[Result "1/2-1/2"]
[WhiteElo "2590"]
[BlackElo "2530"]
[PlyCount "53"]
[EventDate "1995.??.??"]
[Source "www.chesslib.no"]
[SourceDate "2004.05.04"]

1. Nf3 Nf6 2. c4 b6 3. g3 Bb7 4. Bg2 e6 5. O-O Be7 6. Nc3 O-O 7. Re1 Ne4 8. Nxe4 Bxe4 9. d3 Bb7 10. d4 Be4 11. Bf4 Bf6 12. Qd2 d6 13. Rad1 Nd7 14. Qe3 d5 15. b4 c6 16. Rc1 b5 17. cxb5 cxb5 18. Bc7 Qe8 19. Ne5 Bxg2 20. Kxg2 Nb6 21. Bxb6 axb6 22. Nc6 Rc8 23. Ne5 Qe7 24. Rxc8 Rxc8 25. Rc1 Rxc1 26. Qxc1 Qxb4 27. Qc8+ 1/2-1/2

[Event "II Open ROMGAZ"]
[Site "Bucarest ROM"]
[Date "2008.09.14"]
[Round "4"]
[White "Gelashvili, T."]
[Black "Sergeev, Vl"]
[Result "1-0"]
[WhiteElo "2612"]
[BlackElo "2508"]
[PlyCount "121"]
[EventDate "2008.09.11"]
[Source "www.chesslib.no"]
[SourceDate "2004.05.04"]

1. Nf3 Nf6 2. e3 g6 3. b4 Bg7 4. Bb2 O-O 5. c4 d6 6. d3 a5 7. b5 e5 8. Nc3 Nbd7 9. Be2 Nc5 10. d4 exd4 11. Nxd4 Ne6 12. O-O Nxd4 13. Qxd4 Be6 14. Ne4 Ne8 15. Qd2 Nf6 16. Qc3 Ne8 17. Qc1 Nf6 18. Nxf6+ Bxf6 19. Bxf6 Qxf6 20. Bf3 c6 21. Rd1 d5 22. cxd5 Bxd5 23. Bxd5 cxd5 24. Rxd5 Rfd8 25. Rxd8+ Rxd8 26. g3 h5 27. h4 Qf3 28. a4 Rd5 29. Qc2 g5 30. Qc4 gxh4 31. Qxh4 Rd2 32. Rf1 Ra2 33. Qc4 Re2 34. Qf4 Qxf4 35. gxf4 Ra2 36. Rc1 Rxa4 37. Rc7 Rb4 38. Rxb7 Rb2 39. b6 Kg7 40. Ra7 Rb5 41. b7 a4 42. Kg2 Kg6 43. Kg3 Rb1 44. e4 Rg1+ 45. Kf3 Rb1 46. Ra6+ Kg7 47. f5 Rxb7 48. Rxa4 Rb3+ 49. Kf4 Rb2 50. f3 Rg2 51. Ra1 f6 52. Rh1 Kh6 53. Rh3 Rb2 54. Rg3 Kh7 55. Rg6 h4 56. Kg4 Rg2+ 57. Kxh4 Rxg6 58. fxg6+ Kxg6 59. Kg4 Kf7 60. Kf5 Ke7 61. Kg6 1-0

[Event "Open"]
[Site "Andorra"]
[Date "2007.07.04"]
[Round "5.3"]
[White "Damljanovic, Branko"]
[Black "Rodshtein, Maxim"]
[Result "0-1"]
[WhiteElo "2585"]
[BlackElo "2530"]
[PlyCount "80"]
[EventDate "2007.06.30"]
[Source "www.chesslib.no"]
[SourceDate "2004.05.04"]

1. Nf3 Nf6 2. c4 c6 3. Nc3 d5 4. e3 a6 5. Qc2 e6 6. d4 c5 7. dxc5 Bxc5 8. a3 O-O 9. b4 Be7 10. Bb2 dxc4 11. Bxc4 b5 12. Ba2 Bb7 13. O-O Nbd7 14. Rad1 Qc7 15. Rd4 Rac8 16. Rh4 Bxf3 17. gxf3 Ne5 18. Rh3 Qc6 19. Qe2 Nc4 20. Bxc4 Qxc4 21. Qxc4 Rxc4 22. Rd1 Rd8 23. Rxd8+ Bxd8 24. Kf1 Nd7 25. f4 f5 26. Ke2 Bf6 27. Kd3 e5 28. Rg3 exf4 29. exf4 Rd4+ 30. Ke2 Rxf4 31. Rd3 Ne5 32. Re3 Ng4 33. Rf3 Rxf3 34. Kxf3 Ne5+ 35. Ke2 Nc4 36. Ba1 Nxa3 37. Kd3 Kf7 38. Bb2 Nc4 39. Bc1 Ke6 40. Ne2 Ne5+ 0-1

[Event "Thessaloniki GRE"]
[Site "?"]
[Date "1988.11.29"]
[Round "14"]
[White "Hjartarson Johann ISL"]
[Black "Uhlmann Wolfgang"]
[Result "1/2-1/2"]
[WhiteElo "2610"]
[BlackElo "2505"]
[PlyCount "49"]
[EventDate "1988.??.??"]
[Source "www.chesslib.no"]
[SourceDate "2004.05.04"]

1. Nf3 Nf6 2. c4 g6 3. g3 c6 4. Nc3 d5 5. cxd5 cxd5 6. d4 Nc6 7. Bg2 Ne4 8. O-O Bg7 9. Bf4 O-O 10. Rc1 Bf5 11. Ne5 Nxe5 12. dxe5 Nxc3 13. Rxc3 e6 14. Qd2 Rc8 15. Rxc8 Qxc8 16. Rc1 Qb8 17. Qc3 g5 18. Bxg5 Qxe5 19. Qxe5 Bxe5 20. b3 f6 21. Be3 b6 22. f4 Bd6 23. Rc6 Bb8 24. a4 Rf7 25. Bf3 1/2-1/2

[Event "San Sebastian op"]
[Site "?"]
[Date "1996.??.??"]
[Round "?"]
[White "Shchekachev Andrei"]
[Black "Gulko Boris F"]
[Result "1/2-1/2"]
[WhiteElo "2500"]
[BlackElo "2615"]
[PlyCount "40"]
[EventDate "1996.??.??"]
[Source "www.chesslib.no"]
[SourceDate "2004.05.04"]

1. Nf3 Nf6 2. c4 b6 3. g3 Bb7 4. Bg2 e6 5. O-O Be7 6. Nc3 O-O 7. Re1 d5 8. cxd5 Nxd5 9. d4 Nxc3 10. bxc3 Be4 11. Bf1 c5 12. Nd2 Bb7 13. Nb3 cxd4 14. cxd4 a5 15. Bb2 a4 16. Nd2 b5 17. Rb1 Nc6 18. Bg2 Rb8 19. Nf3 Na5 20. e4 Nc4 1/2-1/2

[Event "TCh-BEL 2003-4"]
[Site "Belgium"]
[Date "2004.01.18"]
[Round "7"]
[White "Motwani, Paul"]
[Black "Glek, Igor V"]
[Result "0-1"]
[WhiteElo "2537"]
[BlackElo "2571"]
[PlyCount "74"]
[EventDate "2004.01.01"]
[Source "Roberto Alvarez"]
[SourceDate "2004.02.09"]

1. Nf3 Nf6 2. c4 g6 3. g3 Bg7 4. Bg2 c6 5. O-O d5 6. b3 Ne4 7. d4 Be6 8. Nbd2 Nxd2 9. Qxd2 h6 10. Bb2 O-O 11. cxd5 Bxd5 12. Rfe1 Bxf3 13. Bxf3 Na6 14. Rad1 e6 15. e4 Nc7 16. h4 Qf6 17. Re3 Rfd8 18. Rd3 Rd7 19. Qc1 Rad8 20. h5 g5 21. Be2 Qe7 22. e5 Nd5 23. Ba3 Qe8 24. f4 gxf4 25. gxf4 a6 26. Kf2 f6 27. Rg3 fxe5 28. fxe5 Nf4 29. Bf3 Rxd4 30. Rxd4 Rxd4 31. Qe3 Qd8 32. Bd6 Qh4 33. Qxd4 Nh3+ 34. Ke3 Qxg3 35. Qg4 Qe1+ 36. Kd4 Qd2+ 37. Kc5 Nf4 0-1

[Event "Politiken Cup 24th"]
[Site "Copenhagen"]
[Date "2002.07.24"]
[Round "9"]
[White "Peralta, Fernando"]
[Black "Tiviakov, Sergei"]
[Result "0-1"]
[WhiteElo "2478"]
[BlackElo "2628"]
[PlyCount "78"]
[EventDate "2002.07.15"]
[Source "ChessBase"]
[SourceDate "2002.09.11"]

1. Nf3 Nf6 2. c4 b6 3. Nc3 Bb7 4. e3 e6 5. b3 d5 6. Bb2 Nbd7 7. Rc1 a6 8. d4 Bd6 9. Bd3 O-O 10. O-O dxc4 11. bxc4 e5 12. c5 bxc5 13. dxe5 Bxf3 14. gxf3 Nxe5 15. Be2 Ng6 16. f4 Nh4 17. Nd5 Nxd5 18. Qxd5 Bxf4 19. Qxc5 Bd6 20. Qh5 Re8 21. Rc4 Ng6 22. Rd1 Rb8 23. Ba1 Rb5 24. Qh3 Ra5 25. a4 Qe7 26. Bd3 Rd5 27. Rd4 Rxd4 28. Bxd4 a5 29. Qf5 Qh4 30. Bc4 Qxh2+ 31. Kf1 Rf8 32. Qxa5 c5 33. Bc3 Nf4 34. Ke1 Ng2+ 35. Kd2 Nxe3 36. Kxe3 Qf4+ 37. Kd3 Qf5+ 38. Kd2 Qf4+ 39. Ke1 Qe4+ 0-1

[Event "Torre mem op"]
[Site "?"]
[Date "1999.??.??"]
[Round "7"]
[White "Gonzalez Zamora Juan Carlos"]
[Black "Miles Anthony J"]
[Result "1/2-1/2"]
[WhiteElo "2514"]
[BlackElo "2588"]
[PlyCount "40"]
[EventDate "1999.??.??"]
[Source "www.chesslib.no"]
[SourceDate "2004.05.04"]

1. Nf3 Nf6 2. c4 c6 3. g3 d5 4. Qc2 Bg4 5. Bg2 Nbd7 6. cxd5 cxd5 7. d4 e6 8. O-O Bd6 9. Nc3 Rc8 10. Qb3 Bxf3 11. Bxf3 Nb6 12. a4 O-O 13. a5 Nc4 14. a6 b6 15. Nb5 Bb8 16. Rd1 h6 17. Bd2 Nxd2 18. Rxd2 Qe7 19. Nc3 Rfd8 20. Rc2 Ne8 1/2-1/2

[Event "Chicago USA"]
[Site "?"]
[Date "2006.05.27"]
[Round "3"]
[White "Izoria Zviad"]
[Black "Sharavdorj Dashze"]
[Result "1/2-1/2"]
[WhiteElo "2647"]
[BlackElo "2449"]
[PlyCount "87"]
[EventDate "2006.??.??"]
[Source "www.chesslib.no"]
[SourceDate "2004.05.04"]

1. Nf3 Nf6 2. c4 c6 3. Nc3 d5 4. e3 e6 5. Qc2 Nbd7 6. b3 Bd6 7. Bb2 O-O 8. Be2 a6 9. d4 b6 10. O-O Bb7 11. Rad1 Qe7 12. Rfe1 Rfd8 13. e4 Nxe4 14. Nxe4 dxe4 15. Qxe4 Bb4 16. Rf1 Ba3 17. Ba1 Nf6 18. Qe3 Bd6 19. Ne5 c5 20. Bf3 Bxe5 21. dxe5 Ne8 22. Be2 Rxd1 23. Rxd1 Rd8 24. Rxd8 Qxd8 25. f3 a5 26. Bc3 Nc7 27. Qd3 Qxd3 28. Bxd3 Na6 29. a3 Bc6 30. Kf2 h6 31. h4 g6 32. g4 Nb8 33. Ke3 Nd7 34. f4 Kg7 35. f5 g5 36. f6+ Kg8 37. hxg5 hxg5 38. Be4 Bxe4 39. Kxe4 Kh7 40. b4 a4 41. bxc5 bxc5 42. Ba5 Kg6 43. Bc7 Kh6 44. Ba5 1/2-1/2

[Event "Pula zt"]
[Site "Pula"]
[Date "1975.??.??"]
[Round "?"]
[White "Andersson, Ulf"]
[Black "Csom, Istvan"]
[Result "1/2-1/2"]
[WhiteElo "2565"]
[BlackElo "2530"]
[PlyCount "92"]
[EventDate "1975.??.??"]
[Source "ChessBase"]

1. Nf3 Nf6 2. c4 b6 3. e3 e6 4. Be2 Bb7 5. b3 c5 6. O-O Be7 7. Bb2 O-O 8. a3 Nc6 9. d3 a6 10. Nbd2 Rb8 11. Qc2 Ba8 12. Rab1 Qc7 13. Rfc1 Rfc8 14. Nf1 Qd8 15. Ng3 Qf8 16. Ba1 Ne8 17. Rd1 Bf6 18. Bxf6 Nxf6 19. Rdc1 Rd8 20. Rb2 Qe7 21. Qb1 a5 22. Rbc2 d6 23. Qa1 Qc7 24. d4 Ne7 25. Qb2 Bc6 26. Rd2 Qb7 27. Rcd1 h6 28. dxc5 bxc5 29. Rxd6 Rxd6 30. Rxd6 a4 31. b4 Ne8 32. Rd1 cxb4 33. axb4 Qxb4 34. Qxb4 Rxb4 35. Ne5 a3 36. Ra1 Ra4 37. Nf1 Ra5 38. Nd3 Be4 39. Nb4 Nc6 40. Nxc6 Bxc6 41. Nd2 a2 42. Bd1 Ra3 43. Bb3 Ba4 44. Rxa2 Rxb3 45. Rxa4 Rb2 46. Nf1 Rc2 1/2-1/2

[Event "39th American Open"]
[Site "Los Angeles"]
[Date "2003.11.29"]
[Round "6"]
[White "Yermolinsky, Alex"]
[Black "Mikhalevski, Victor"]
[Result "1/2-1/2"]
[WhiteElo "2546"]
[BlackElo "2548"]
[PlyCount "39"]
[EventDate "2003.11.27"]
[Source "Roberto Alvarez"]
[SourceDate "2004.01.05"]

1. Nf3 Nf6 2. c4 g6 3. b4 Bg7 4. Bb2 O-O 5. e3 d6 6. Be2 e5 7. d3 e4 8. dxe4 Nxe4 9. Bxg7 Kxg7 10. Qd4+ Qf6 11. Qxf6+ Nxf6 12. Nc3 a5 13. b5 b6 14. Nd4 Bb7 15. f3 Nbd7 16. e4 Nc5 17. Kf2 Rae8 18. Rhe1 Nfd7 19. Rad1 Ne6 20. Bf1 1/2-1/2